Összehasonlító irodalomkutatás A mü ered. címe: Vergleichende Literaturforschung

Bibliographic Details
Main Author: Ďurišin, Dionýz, 1929-1997 (Author)
Format: Book
Language:Hungarian
PhysicalDescription:249, [2] s.
Published: Budapest Gondolat 1977

MARC

LEADER 00000nam a22000005a 4500
001 vtls011722656
003 SK-MaSNL
005 20260301044202.0
008 240318i1977 hu 000 0 hun
040 |a SNK  |b slo  |c SNK  |e AACR2 
041 |a hun 
044 |a hu  |c HU 
100 1 |a Ďurišin, Dionýz,  |d 1929-1997  |4 aut  |9 106572 
245 1 0 |a Összehasonlító irodalomkutatás  |b A mü ered. címe: Vergleichende Literaturforschung  |c Dionýz Ďurišin 
260 |a Budapest  |b Gondolat  |c 1977 
300 |a 249, [2] s. 
852 |a Slovenská národná knižnica v Martine  |b 10000  |h SC 41519 
919 |a 963 280 482 1 
958 |a OND 
999 |c 595407  |d 597337 
952 |a SNK  |b SNK  |y PREZ  |7 0  |p 17A0944156  |o snkSC 41519  |i snkV 2816/77  |8 2  |3 Rekatalogizácia  |0 0  |1 0  |4 0  |d 2017-11-27  |l 0  |r 2025-10-17 00:00:00  |w 2026-02-23 
952 |a SNK  |b SNK  |y VYP  |7 0  |p 17A1075756  |o snkSC 41519 D1  |i snkV 2817/77  |8 2  |0 0  |1 0  |4 0  |d 2017-11-27  |l 0  |r 2026-02-23 15:37:17  |w 2026-02-23 
952 |a SNK  |b SNK  |y VYP  |7 0  |p 17A1075754  |o snkSC 41519 D2  |i snkV 783/79  |8 2  |0 0  |1 0  |4 0  |d 2017-11-27  |l 0  |r 2026-02-23 15:37:17  |w 2026-02-23